Water (Record no. 171842)

MARC details
000 -LEADER
fixed length control field 00538nam a2200193 4500
005 - DATE AND TIME OF LATEST TRANSACTION
control field 20200121170151.0
010 ## - LCCN (DPL NO)
LC control number ENG-127495
020 ## - INTERNATIONAL STANDARD BOOK NUMBER
Terms of availability 250.00
International Standard Book Number 9788187649908
035 ## - SYSTEM CONTROL NUMBER
System control number EN-111027
037 ## - SOURCE OF ACQUISITION
Source of stock number/acquisition DBAD/PUB
082 ## - DEWEY DECIMAL CLASSIFICATION NUMBER
Classification number S
100 ## - MAIN ENTRY--PERSONAL NAME
Personal name Felton,Monica
245 ## - TITLE STATEMENT
Title Water
Statement of responsibility, etc by Monica Felton
260 ## - PUBLICATION, DISTRIBUTION, ETC. (IMPRINT)
Place of publication, distribution, etc New Delhi
Name of publisher, distributor, etc Katha Urdu Library
Date of publication, distribution, etc 1998
270 ## - ADDRESS
Address A-3 Sarvodaya Enclave Sri Aurobindo Marg
City New Delhi
Postal code 110017
300 ## - PHYSICAL DESCRIPTION
Extent 246p.
Dimensions 21cm(pbk)
500 ## - GENERAL NOTE
General note includes bibliographical references
942 ## - ADDED ENTRY ELEMENTS (KOHA)
Source of classification or shelving scheme Dewey Decimal Classification
Item type English Books
Classification part S
Call number suffix FEL
Holdings
Withdrawn status Lost status Not for loan Collection code Home library Current library Date acquired Source of acquisition Cost, normal purchase price Full call number Barcode Copy number Cost, replacement price Koha item type
      Fiction Sarojini Nagar Sarojini Nagar 21/01/2020 DBAD/PUB 250.00 S FEL EN-111027 1 250.00 English Books

© Delhi Public Library
Hit Counter
free hit counter